000 01362nam a22003737a 4500
003 CHAP
005 20220329134526.0
008 971013s1985 r 00010 d
010 _a21643
011 _a22615
035 _a26710
040 _cCHAP
082 _a500
_bA8Y
100 0 0 _aAsimov, Isaac.
_97955
245 _aIntroducción a la ciencia
260 _aBarcelona :
_bEdiciones Orbis,
_c1985-19
300 _av.
_b: ilus
490 _aBiblioteca de divulgación científica : muy interesante
500 _aLa biblioteca tiene: v.1 Ciencias físicas -- v.2 Ciencias biológicas
590 _aBATCH-UPD
_b10
_c20130110
_lUCH01
_h1011
590 _aBATCH-UPD
_b10
_c20130410
_lUCH01
_h0619
590 _aBATCH-UPD
_b10
_c20130914
_lUCH01
_h0419
590 _aBATCH-UPD
_b10
_c20130914
_lUCH01
_h2116
590 _aCONVERSION
_b10
_c20130109
_lUCH01
_h1313
650 1 4 _aBiología.
_912773
650 1 4 _aCiencia.
_923107
650 1 4 _aFísica.
_941975
830 0 _aBiblioteca de divulgación científica : muy interesante
_912302
901 _aBK
942 _cLIBRO
949 _a500 A8Y
_bBC
_cLIBRO
_d33724000110565
_eLIBRO
_fv.2
_gI.c/e
_h68066
_i26710
_si
_t895.00
949 _a500 A8Y
_bBC
_cLIBRO
_d33724000382230
_eLIBRO
_fv.2 c.2
_gI.c/e
_h68067
_i26710
_si
_t895.00
949 _a500 A8Y
_bBC
_cLIBRO
_d33724000784740
_eLIBRO
_fv.1
_gI.c/e
_h68501
_i26710
_si
_t895.00
999 _c21643
_d21643